000 00626nam a2200193Ia 4500
005 20250508162158.0
008 008 250505s9999 xx 000 0 eng d
037 _aDissertations
040 _aFEDL
_beng
_cFEDL
041 _aeng
_2eng
084 _a371.291 3, KAU/DI
_qFEDL
100 _aKausik Chetram
_9772512
245 0 _aCharacteristics of potential drops-outs and suggestions for their retention at primary level in M.C.D. schools
260 _c1981
300 _aiv,132p.
546 _aM. Ed. Dissertation (Delhi University)
942 _cDIS
_h371.291 3, KAU/DI
999 _c1374850
_d1374850